A palabra 2 /
Guardado en:
| Formato: | Objeto Físico |
|---|---|
| Publicado: |
Argentina :
Bontus,
[201?]
|
| Materias: | |
| Etiquetas: |
Agregar Etiqueta
Sin Etiquetas, Sea el primero en etiquetar este registro!
|
| LEADER | 00757nrm a22001575g 4500 | ||
|---|---|---|---|
| 001 | CEM.cems019222 | ||
| 008 | 130507b201?##################0###0#####d | ||
| 005 | 20220830093616.0 | ||
| 003 | CEMS | ||
| 245 | 0 | 0 | |a A palabra 2 / |c Bontus |
| 260 | |a Argentina : |b Bontus, |c [201?] | ||
| 300 | |a 1 juego (1 tablero, 5 fichas de madera, un talonario, 180 tarjetas-Rebus, 180 tarjetas-Embaucados,diccionario y porqué, 45 Tarjetas-Letras) ; en caja 39 x 24 x 7 cm. + manual de instrucciones. | ||
| 500 | |a Para 2 a 10 jugadores a partir de 12 años y adultos objetivo: resolviendo las distintas actividades los jugadores avanzan en el tablero hasta llegar al final. | ||
| 082 | 0 | 4 | |a J793.734 |
| 653 | |a 1. juegos de palabras | ||
| 859 | |a CEMS |b BIB. CEMS - Ludoteca |h J793.734 |i B639 |p 390.11 |t Ej.1 | ||
